00862 2200193 4500001002100000005001700021008004100038035002400079082001000103090001900113100001800132245027400150260009400424300003600518500005000554504002700604650001900631990001800650YOGYA-0213000000100220130225134708.0 ind  0010-021300000001002 a371.1 aSK 371.1 Ari P aARIF DARMAWAN aPerbedaan kemampuan dalam mengoperasikan bilangan pecahan yang diajar dengan metode tanya jawab dan metode pembagian tugaws di kelas IV siswa Sekolah Dasar Negeri (SDN) Lempuyangan Kodya Yogyakarta pada catur wulan ke-1 tahun ajaran 1999/2000/disusun oleh Araf Darmawan aYogyakartabFakultas Keguruan Ilmu Pendidikan Unifersitas Sarjanawiyata Taman Siswac2000 ax, 65(8) lbrbilus, lampc29 cm aSkripsi Universitas Sarjanawiyata Taman Siswa aBibliografi: lbr 48-49 aMetode belajar a44299.PD/A.12